Statistics for Random Counties of California on a Map

Click here to take the quiz!

General Stats

  • This quiz has been taken 662 times
  • The average score is 5 of 10

Answers on the Map

Answers color-coded by a green-red scale on the quiz's map according to % correct below.
 

Answer Stats

County% Correct
San Francisco
86%
Los Angeles
82%
San Luis Obispo
80%
Mono
77%
San Diego
75%
Alpine
73%
Fresno
70%
San Bernardino
69%
Orange
67%
Alameda
63%
Riverside
60%
Sacramento
60%
Inyo
59%
Imperial
58%
Lake
58%
Napa
58%
Shasta
58%
Humboldt
56%
Ventura
55%
Stanislaus
54%
Yuba
54%
Santa Clara
53%
Butte
50%
Kern
50%
Kings
50%
Trinity
50%
Placer
45%
Sonoma
45%
San Benito
44%
Contra Costa
42%
Merced
38%
Santa Barbara
38%
Santa Cruz
35%
Marin
33%
Mariposa
33%
Sutter
33%
Solano
31%
San Mateo
30%
Yolo
29%
Mendocino
27%
Nevada
27%
Tuolumne
27%
El Dorado
25%
Siskiyou
25%
Colusa
22%
Monterey
22%
Sierra
22%
Tehama
22%
Lassen
21%
San Joaquin
21%
Amador
20%
Del Norte
20%
Plumas
18%
Tulare
18%
Madera
17%
Modoc
15%
Calaveras
14%
Glenn
13%

Score Distribution

Percentile by Number Answered

Percent of People with Each Score

Your Score History

You have not taken this quiz